[Event "2nd Gujarat Open 2019"]
[Site "Ahmedabad, Gujarat"]
[Date "2019.09.26"]
[Round "7.25"]
[White "Alan Diviya Raj"]
[Black "Vlassov, Nikolai"]
[Result "0-1"]
[WhiteElo "1943"]
[BlackElo "2384"]
[Annotator "NA"]
[PlyCount "58"]
[EventDate "2019.09.22"]
[EventType "swiss"]
[EventCountry "IND"]
[SourceTitle "playchess.com"]
[Source "ChessBase"]
[SourceQuality "1"]
[TimeControl "5400+30"]

1. e4 {[%emt 0:00:00]} c5 {[%emt 0:00:00]} 2. Nc3 {[%emt 0:00:29]} Nc6 {[%emt 0:00:00]} 3. Nf3 {[%emt 0:00:08]} g6 {[%emt 0:00:03]} 4. g3 {[%emt 0:01:17]} Bg7 {[%emt 0:00:06]} 5. Bg2 {[%emt 0:00:05]} d6 {[%emt 0:00:53]} 6. O-O {[%emt 0:00:16]} e5 {[%emt 0:01:18]} 7. d3 {[%emt 0:01:06]} Nge7 {[%emt 0:00:03]} 8. Re1 {[%emt 0:01:44]} O-O {[%emt 0:00:09]} 9. Nd2 {[%emt 0:04:57]} f5 {[%emt 0:00:16]} 10. exf5 {[%emt 0:04:05]} gxf5 {[%emt 0:00:04]} 11. Nf1 {[%emt 0:01:37]} Be6 {[%emt 0:01:17]} 12. Ne2 {[%emt 0:06:16]} Qd7 {[%emt 0:01:38]} 13. c3 {[%emt 0:02:25]} f4 {[%emt 0:03:05]} 14. f3 {[%emt 0:16:19]} fxg3 {[%emt 0:05:27]} 15. hxg3 {[%emt 0:00:10]} Bd5 {[%emt 0:01:54]} 16. Nh2 {[%emt 0:04:18]} Rf7 {[%emt 0:01:47]} 17. Be3 {[%emt 0:00:59]} Raf8 {[%emt 0:00:09]} 18. Bf2 Nf5 {[%emt 0:00:30]} 19. Bh3 Qd8 {[%emt 0:00:30]} 20. Bg2 Bh6 {[%emt 0:00:30]} 21. Ng4 Bg5 {[%emt 0:00:30]} 22. d4 h5 {[%emt 0:00:30]} 23. dxe5 hxg4 {[%emt 0:00:30]} 24. Qxd5 {[%emt 0:00:00]} Ne3 {[%emt 0:00:30]} 25. Bxe3 {[%emt 0:00:00]} Bxe3+ {[%emt 0:00:30]} 26. Kh2 {[%emt 0:00:00]} Kg7 {[%emt 0:00:30]} 27. Qe4 {[%emt 0:00:00]} Rh8+ {[%emt 0:00:30]} 28. Bh3 {[%emt 0:00:00]} Rxh3+ {[%emt 0:00:30]} 29. Kg2 {[%emt 0:00:00]} Rh2+ {[%emt 0:00:30]} 0-1

[Event "2nd Gujarat Open 2019"]
[Site "Ahmedabad, Gujarat"]
[Date "2019.09.26"]
[Round "7.26"]
[White "Priyankara, Chamil"]
[Black "Srija, Seshadri"]
[Result "1-0"]
[WhiteElo "1917"]
[BlackElo "2270"]
[Annotator "NA"]
[PlyCount "23"]
[EventDate "2019.09.22"]
[EventType "swiss"]
[EventCountry "IND"]
[SourceTitle "playchess.com"]
[Source "ChessBase"]
[SourceQuality "1"]
[TimeControl "5400+30"]

1. e4 {[%emt 0:00:00]} e5 {[%emt 0:00:00]} 2. f4 {[%emt 0:00:30]} exf4 {[%emt 0:00:30]} 3. Nf3 {[%emt 0:00:30]} Ne7 {[%emt 0:00:30]} 4. Bc4 {[%emt 0:00:30]} Ng6 {[%emt 0:00:30]} 5. Nc3 {[%emt 0:00:30]} c6 {[%emt 0:00:30]} 6. d4 {[%emt 0:00:30]} Bb4 {[%emt 0:06:40]} 7. Kf2 {[%emt 0:26:06]} Bxc3 {[%emt 0:07:48]} 8. bxc3 {[%emt 0:00:31]} d5 {[%emt 0:15:54]} 9. exd5 {[%emt 0:02:51]} cxd5 {[%emt 0:00:11]} 10. Bb5+ Nc6 {[%emt 0:00:30]} 11. Ba3 f6 {[%emt 0:00:30]} 12. c4 {[%emt 0:00:00]} 1-0

[Event "2nd Gujarat Open 2019"]
[Site "Ahmedabad, Gujarat"]
[Date "2019.09.26"]
[Round "7.27"]
[White "Adarsh Tripathi"]
[Black "Mehdi Hasan Parag"]
[Result "1/2-1/2"]
[WhiteElo "1915"]
[BlackElo "2183"]
[Annotator "NA"]
[PlyCount "86"]
[EventDate "2019.09.22"]
[EventType "swiss"]
[EventCountry "IND"]
[SourceTitle "playchess.com"]
[Source "ChessBase"]
[SourceQuality "1"]
[TimeControl "5400+30"]

1. e4 {[%emt 0:00:00]} c5 {[%emt 0:00:00]} 2. Nc3 {[%emt 0:00:00]} Nc6 {[%emt 0:00:00]} 3. f4 {[%emt 0:00:00]} g6 {[%emt 0:00:28]} 4. Nf3 {[%emt 0:00:00]} Bg7 {[%emt 0:00:05]} 5. Bb5 {[%emt 0:00:00]} d6 {[%emt 0:01:25]} 6. O-O {[%emt 0:00:04]} Bd7 {[%emt 0:01:49]} 7. Bc4 {[%emt 0:00:07]} e6 {[%emt 0:00:17]} 8. d3 {[%emt 0:00:19]} Nge7 {[%emt 0:00:10]} 9. Qe1 {[%emt 0:00:25]} a6 {[%emt 0:00:19]} 10. a4 {[%emt 0:00:25]} O-O {[%emt 0:00:48]} 11. f5 {[%emt 0:00:22]} Nd4 {[%emt 0:01:05]} 12. Nxd4 {[%emt 0:05:42]} Bxd4+ {[%emt 0:00:13]} 13. Kh1 {[%emt 0:00:15]} Nc6 {[%emt 0:06:11]} 14. Bh6 {[%emt 0:04:08]} Re8 {[%emt 0:00:35]} 15. f6 {[%emt 0:02:44]} Bxf6 {[%emt 0:12:56]} 16. Qf2 {[%emt 0:00:12]} Be5 {[%emt 0:01:53]} 17. Qxf7+ {[%emt 0:02:01]} Kh8 {[%emt 0:00:04]} 18. Qf2 {[%emt 0:00:57]} Nd4 {[%emt 0:01:10]} 19. Bf4 {[%emt 0:01:33]} Bxf4 {[%emt 0:03:10]} 20. Qxf4 {[%emt 0:00:09]} Qe7 {[%emt 0:00:57]} 21. Qd2 {[%emt 0:02:42]} b5 {[%emt 0:00:57]} 22. Ba2 {[%emt 0:00:43]} Rf8 {[%emt 0:03:16]} 23. Ne2 {[%emt 0:03:58]} Nxe2 24. Qxe2 {[%emt 0:00:30]} bxa4 25. Rxf8+ {[%emt 0:00:30]} Rxf8 26. Rf1 {[%emt 0:00:30]} Kg7 27. Rxf8 {[%emt 0:00:30]} Qxf8 28. h3 {[%emt 0:00:30]} Qf4 29. Qe1 {[%emt 0:00:30]} Qf6 30. Qa5 {[%emt 0:00:30]} Qxb2 31. Qd8 {[%emt 0:00:30]} Qc1+ 32. Kh2 {[%emt 0:00:30]} Qf4+ 33. Kg1 {[%emt 0:00:30]} Qf7 {[%emt 0:00:00]} 34. Qb6 {[%emt 0:00:30]} Qe7 {[%emt 0:34:26]} 35. Qxa6 {[%emt 0:06:45]} Kf7 {[%emt 0:02:10]} 36. Qb6 {[%emt 0:01:33]} Qf6 {[%emt 0:02:21]} 37. Qb7 {[%emt 0:01:05]} Ke8 {[%emt 0:03:46]} 38. Bc4 {[%emt 0:00:20]} Qd8 {[%emt 0:03:48]} 39. Bb5 {[%emt 0:01:38]} Bxb5 {[%emt 0:01:42]} 40. Qxb5+ {[%emt 0:00:05]} Qd7 {[%emt 0:00:15]} 41. Qb8+ {[%emt 0:03:03]} Ke7 {[%emt 0:00:51]} 42. Qh8 {[%emt 0:00:26]} h5 {[%emt 0:06:55]} 43. Kh2 {[%emt 0:03:12]} Qe8 1/2-1/2

[Event "2nd Gujarat Open 2019"]
[Site "Ahmedabad, Gujarat"]
[Date "2019.09.26"]
[Round "7.28"]
[White "Sobh, Amrou"]
[Black "Potawad Anirudhha"]
[Result "0-1"]
[WhiteElo "2172"]
[BlackElo "1914"]
[Annotator "NA"]
[PlyCount "119"]
[EventDate "2019.09.22"]
[EventType "swiss"]
[EventCountry "IND"]
[SourceTitle "playchess.com"]
[Source "ChessBase"]
[SourceQuality "1"]
[TimeControl "5400+30"]

1. d4 {[%emt 0:00:00]} Nf6 {[%emt 0:00:00]} 2. c4 {[%emt 0:00:00]} e6 {[%emt 0:00:00]} 3. Nc3 {[%emt 0:00:00]} d5 {[%emt 0:00:12]} 4. Nf3 {[%emt 0:01:03]} Be7 {[%emt 0:00:31]} 5. g3 {[%emt 0:00:37]} O-O {[%emt 0:01:14]} 6. Bg2 {[%emt 0:00:06]} b6 {[%emt 0:04:50]} 7. O-O {[%emt 0:00:39]} Bb7 {[%emt 0:02:04]} 8. cxd5 {[%emt 0:01:59]} exd5 {[%emt 0:02:29]} 9. Bf4 {[%emt 0:00:35]} a6 {[%emt 0:04:50]} 10. Rc1 {[%emt 0:00:08]} Nbd7 {[%emt 0:02:45]} 11. Ne5 {[%emt 0:01:26]} c6 {[%emt 0:12:47]} 12. Qb3 {[%emt 0:02:11]} Nxe5 {[%emt 0:02:49]} 13. Bxe5 {[%emt 0:00:08]} Nd7 {[%emt 0:00:09]} 14. Bf4 {[%emt 0:00:50]} Rc8 {[%emt 0:11:37]} 15. Rfd1 {[%emt 0:01:28]} Ba8 {[%emt 0:04:56]} 16. Bh3 {[%emt 0:00:27]} f5 {[%emt 0:00:53]} 17. e4 {[%emt 0:02:00]} fxe4 18. Nxe4 {[%emt 0:00:30]} Kh8 {[%emt 0:00:00]} 19. Nd6 {[%emt 0:00:30]} Bxd6 {[%emt 0:00:00]} 20. Bxd6 {[%emt 0:00:30]} Rf6 {[%emt 0:00:00]} 21. Bf4 {[%emt 0:00:30]} h6 {[%emt 0:00:00]} 22. Re1 {[%emt 0:00:30]} c5 {[%emt 0:00:00]} 23. Qe3 {[%emt 0:00:30]} Bc6 {[%emt 0:34:29]} 24. Qe7 {[%emt 0:09:01]} c4 {[%emt 0:00:59]} 25. Rc3 {[%emt 0:06:28]} b5 {[%emt 0:01:50]} 26. Rce3 {[%emt 0:00:22]} Ra8 {[%emt 0:00:33]} 27. Re6 {[%emt 0:06:31]} Rxe6 {[%emt 0:01:14]} 28. Qxe6 {[%emt 0:00:42]} Qf6 {[%emt 0:00:01]} 29. Qe7 {[%emt 0:01:12]} Qxe7 {[%emt 0:07:41]} 30. Rxe7 {[%emt 0:00:42]} Nf6 {[%emt 0:00:02]} 31. Be5 {[%emt 0:00:56]} b4 {[%emt 0:01:14]} 32. Bf5 {[%emt 0:00:49]} Re8 {[%emt 0:00:54]} 33. Rc7 {[%emt 0:00:27]} Bb5 {[%emt 0:00:04]} 34. Bg6 {[%emt 0:00:52]} Rd8 {[%emt 0:00:34]} 35. f3 {[%emt 0:03:40]} Kg8 {[%emt 0:01:22]} 36. Kf2 {[%emt 0:00:57]} Kf8 {[%emt 0:02:51]} 37. Bf5 {[%emt 0:00:33]} Nd7 {[%emt 0:00:28]} 38. Bd6+ {[%emt 0:01:02]} Kf7 {[%emt 0:00:01]} 39. Bxb4 {[%emt 0:00:04]} Kf6 {[%emt 0:00:05]} 40. Bh3 {[%emt 0:01:00]} g5 {[%emt 0:01:07]} 41. Bg4 {[%emt 0:04:56]} Kg6 {[%emt 0:01:42]} 42. Be6 {[%emt 0:06:14]} Nf6 {[%emt 0:00:05]} 43. Bf7+ {[%emt 0:00:27]} Kg7 {[%emt 0:01:03]} 44. Bxd5+ {[%emt 0:04:29]} Rd7 {[%emt 0:00:02]} 45. Rxd7+ {[%emt 0:00:34]} Nxd7 {[%emt 0:00:03]} 46. a4 {[%emt 0:02:32]} Bxa4 {[%emt 0:01:05]} 47. Bxc4 {[%emt 0:00:51]} Bb5 {[%emt 0:00:13]} 48. Bxb5 {[%emt 0:01:01]} axb5 {[%emt 0:00:02]} 49. Ke3 {[%emt 0:00:18]} Nf6 {[%emt 0:00:02]} 50. Bd6 {[%emt 0:01:23]} Kf7 {[%emt 0:00:40]} 51. Be5 {[%emt 0:01:19]} Nd5+ {[%emt 0:00:47]} 52. Ke4 {[%emt 0:00:12]} Ke6 {[%emt 0:00:07]} 53. g4 {[%emt 0:00:37]} b4 {[%emt 0:02:16]} 54. Bg7 {[%emt 0:00:57]} b3 {[%emt 0:00:40]} 55. Bxh6 {[%emt 0:00:44]} Nc3+ {[%emt 0:00:10]} 56. Kd3 {[%emt 0:00:24]} Na4 {[%emt 0:00:49]} 57. Bxg5 {[%emt 0:00:56]} Nxb2+ {[%emt 0:00:07]} 58. Kc3 {[%emt 0:00:16]} Nc4 {[%emt 0:00:15]} 59. Kxb3 {[%emt 0:00:07]} Kd5 {[%emt 0:00:01]} 60. Kc3 {[%emt 0:00:33]} 0-1

[Event "2nd Gujarat Open 2019"]
[Site "Ahmedabad, Gujarat"]
[Date "2019.09.26"]
[Round "7.29"]
[White "Chaitanya Sairam Mogili"]
[Black "Chokshi, Manthan J."]
[Result "1/2-1/2"]
[WhiteElo "1908"]
[BlackElo "2170"]
[Annotator "NA"]
[PlyCount "62"]
[EventDate "2019.09.22"]
[EventType "swiss"]
[EventCountry "IND"]
[SourceTitle "playchess.com"]
[Source "ChessBase"]
[SourceQuality "1"]
[TimeControl "5400+30"]

1. d4 {[%emt 0:00:03]} d5 {[%emt 0:00:41]} 2. Bf4 {[%emt 0:00:08]} c5 {[%emt 0:05:43]} 3. e3 {[%emt 0:00:44]} Nc6 4. c3 {[%emt 0:00:12]} Nf6 {[%emt 0:02:16]} 5. Nd2 {[%emt 0:00:36]} cxd4 {[%emt 0:06:28]} 6. exd4 {[%emt 0:00:45]} g6 {[%emt 0:00:26]} 7. Ngf3 {[%emt 0:02:16]} Bg7 {[%emt 0:00:11]} 8. Bd3 {[%emt 0:09:05]} O-O {[%emt 0:00:19]} 9. h3 {[%emt 0:01:59]} Re8 {[%emt 0:10:02]} 10. O-O {[%emt 0:01:44]} Nh5 {[%emt 0:10:23]} 11. Bh2 {[%emt 0:00:35]} Bh6 {[%emt 0:00:12]} 12. Re1 {[%emt 0:08:47]} Nf4 {[%emt 0:00:00]} 13. Bf1 {[%emt 0:00:30]} Be6 {[%emt 0:00:00]} 14. Nb3 {[%emt 0:00:30]} Bc8 {[%emt 0:29:23]} 15. Ne5 {[%emt 0:18:35]} Nxe5 {[%emt 0:02:05]} 16. Bxf4 {[%emt 0:04:51]} Bxf4 {[%emt 0:04:04]} 17. dxe5 {[%emt 0:00:08]} e6 {[%emt 0:00:54]} 18. g3 {[%emt 0:09:08]} Bh6 {[%emt 0:00:35]} 19. h4 {[%emt 0:03:34]} Bd7 {[%emt 0:02:49]} 20. Nd4 {[%emt 0:03:05]} a6 {[%emt 0:01:06]} 21. a4 {[%emt 0:01:16]} Bf8 {[%emt 0:01:50]} 22. Kg2 {[%emt 0:03:43]} Rb8 {[%emt 0:01:09]} 23. h5 {[%emt 0:06:31]} b5 {[%emt 0:02:38]} 24. axb5 {[%emt 0:00:28]} axb5 {[%emt 0:00:01]} 25. b4 {[%emt 0:00:20]} Qc7 {[%emt 0:00:52]} 26. Qd2 {[%emt 0:04:02]} Bg7 {[%emt 0:02:15]} 27. hxg6 {[%emt 0:03:07]} hxg6 {[%emt 0:00:25]} 28. f4 {[%emt 0:01:15]} Rec8 {[%emt 0:01:56]} 29. Re3 {[%emt 0:01:13]} Qb7 {[%emt 0:05:28]} 30. Ree1 {[%emt 0:02:31]} Ra8 {[%emt 0:03:24]} 31. Bd3 {[%emt 0:02:46]} Ra6 {[%emt 0:02:33]} 1/2-1/2

[Event "2nd Gujarat Open 2019"]
[Site "Ahmedabad, Gujarat"]
[Date "2019.09.26"]
[Round "7.30"]
[White "Harshita Guddanti"]
[Black "Aaditya Dhingra"]
[Result "1/2-1/2"]
[WhiteElo "2168"]
[BlackElo "1880"]
[Annotator "NA"]
[PlyCount "50"]
[EventDate "2019.09.22"]
[EventType "swiss"]
[EventCountry "IND"]
[SourceTitle "playchess.com"]
[Source "ChessBase"]
[SourceQuality "1"]
[TimeControl "5400+30"]

1. e4 {[%emt 0:00:03]} c5 {[%emt 0:00:00]} 2. Nf3 {[%emt 0:00:03]} e6 {[%emt 0:00:00]} 3. d4 {[%emt 0:00:05]} cxd4 {[%emt 0:00:00]} 4. Nxd4 {[%emt 0:00:05]} a6 {[%emt 0:00:13]} 5. Nc3 {[%emt 0:00:11]} Qc7 {[%emt 0:00:14]} 6. Bd3 {[%emt 0:00:14]} b5 {[%emt 0:01:07]} 7. O-O {[%emt 0:02:18]} Bb7 {[%emt 0:01:15]} 8. Qe2 {[%emt 0:03:17]} d6 {[%emt 0:07:54]} 9. f4 {[%emt 0:02:20]} Nd7 {[%emt 0:01:06]} 10. Kh1 {[%emt 0:00:59]} Ngf6 {[%emt 0:01:21]} 11. Bd2 {[%emt 0:01:19]} Be7 {[%emt 0:21:39]} 12. Rae1 {[%emt 0:05:49]} O-O {[%emt 0:37:10]} 13. a3 {[%emt 0:00:30]} Nc5 {[%emt 0:00:30]} 14. b4 {[%emt 0:00:30]} Nxd3 {[%emt 0:00:30]} 15. cxd3 {[%emt 0:00:30]} Rac8 {[%emt 0:00:30]} 16. Rc1 {[%emt 0:00:30]} Qb8 {[%emt 0:00:30]} 17. Nb3 {[%emt 0:00:30]} Nd7 {[%emt 0:00:30]} 18. Rc2 {[%emt 0:00:30]} Rc7 19. Rfc1 {[%emt 0:17:04]} Rfc8 {[%emt 0:01:00]} 20. Be3 {[%emt 0:00:49]} Bf6 {[%emt 0:04:53]} 21. d4 {[%emt 0:02:39]} Nb6 {[%emt 0:03:02]} 22. e5 {[%emt 0:03:25]} Be7 {[%emt 0:00:13]} 23. Na5 {[%emt 0:12:23]} Nc4 {[%emt 0:01:05]} 24. Nxc4 {[%emt 0:01:11]} Rxc4 {[%emt 0:00:07]} 25. Nd1 {[%emt 0:01:32]} Rxc2 {[%emt 0:04:08]} 1/2-1/2

[Event "2nd Gujarat Open 2019"]
[Site "Ahmedabad, Gujarat"]
[Date "2019.09.26"]
[Round "7.31"]
[White "Sparsh Khandelwal"]
[Black "Soham Datar"]
[Result "0-1"]
[WhiteElo "1868"]
[BlackElo "2160"]
[Annotator "NA"]
[PlyCount "84"]
[EventDate "2019.09.22"]
[EventType "swiss"]
[EventCountry "IND"]
[SourceTitle "playchess.com"]
[Source "ChessBase"]
[SourceQuality "1"]
[TimeControl "5400+30"]

1. e4 {[%emt 0:00:00]} c5 {[%emt 0:00:00]} 2. c3 {[%emt 0:00:19]} Nf6 {[%emt 0:00:00]} 3. e5 {[%emt 0:00:13]} Nd5 {[%emt 0:00:00]} 4. d4 {[%emt 0:00:06]} cxd4 {[%emt 0:00:00]} 5. cxd4 {[%emt 0:00:04]} d6 {[%emt 0:00:00]} 6. Nf3 {[%emt 0:00:05]} Nc6 {[%emt 0:00:06]} 7. Bc4 {[%emt 0:00:23]} e6 {[%emt 0:00:05]} 8. O-O {[%emt 0:00:08]} Be7 {[%emt 0:00:04]} 9. Qe2 {[%emt 0:00:06]} O-O {[%emt 0:00:05]} 10. Nc3 {[%emt 0:00:17]} dxe5 {[%emt 0:00:07]} 11. dxe5 {[%emt 0:00:06]} Nxc3 {[%emt 0:00:02]} 12. bxc3 {[%emt 0:00:07]} Qc7 {[%emt 0:00:49]} 13. Qe4 {[%emt 0:01:58]} Bd7 {[%emt 0:03:08]} 14. Bd3 {[%emt 0:01:46]} g6 {[%emt 0:00:10]} 15. Bh6 {[%emt 0:00:04]} Rfd8 {[%emt 0:00:14]} 16. Rad1 {[%emt 0:05:12]} Be8 {[%emt 0:00:04]} 17. Qf4 {[%emt 0:14:07]} Rd5 {[%emt 0:15:09]} 18. Be4 {[%emt 0:15:39]} Rxd1 19. Rxd1 {[%emt 0:00:30]} Rd8 20. Rxd8 {[%emt 0:00:30]} Nxd8 21. Qd2 {[%emt 0:00:30]} Bb5 {[%emt 0:00:00]} 22. Bg5 {[%emt 0:12:57]} Bc6 {[%emt 0:37:36]} 23. Bxc6 {[%emt 0:02:29]} Nxc6 {[%emt 0:03:06]} 24. h3 {[%emt 0:00:05]} Bxg5 {[%emt 0:07:42]} 25. Qxg5 {[%emt 0:00:06]} Qe7 {[%emt 0:00:47]} 26. Qxe7 {[%emt 0:00:19]} Nxe7 {[%emt 0:00:03]} 27. Nd2 {[%emt 0:00:05]} g5 {[%emt 0:03:10]} 28. Ne4 {[%emt 0:02:25]} h6 {[%emt 0:00:13]} 29. Nd6 {[%emt 0:00:04]} b6 {[%emt 0:01:35]} 30. a4 {[%emt 0:00:45]} Nd5 {[%emt 0:03:00]} 31. Ne4 {[%emt 0:00:20]} Nf4 {[%emt 0:02:06]} 32. c4 {[%emt 0:10:59]} Nd3 {[%emt 0:01:36]} 33. Kf1 {[%emt 0:00:03]} Nxe5 {[%emt 0:02:38]} 34. c5 {[%emt 0:00:06]} bxc5 {[%emt 0:02:29]} 35. Nxc5 {[%emt 0:00:19]} Kf8 {[%emt 0:00:10]} 36. Ke2 {[%emt 0:02:22]} Ke7 {[%emt 0:00:05]} 37. Ne4 {[%emt 0:00:22]} f5 {[%emt 0:00:43]} 38. Nc3 {[%emt 0:00:05]} a6 {[%emt 0:00:32]} 39. Ke3 {[%emt 0:02:03]} Kd6 {[%emt 0:00:13]} 40. Kd4 {[%emt 0:01:44]} Ng6 {[%emt 0:02:00]} 41. Kc4 {[%emt 0:04:04]} Nf4 {[%emt 0:00:36]} 42. Kb4 {[%emt 0:00:07]} Nd5+ 0-1

[Event "2nd Gujarat Open 2019"]
[Site "Ahmedabad, Gujarat"]
[Date "2019.09.26"]
[Round "7.32"]
[White "Sanket Chakravarty"]
[Black "Vijay, Anand M."]
[Result "1-0"]
[WhiteElo "2158"]
[BlackElo "1806"]
[Annotator "NA"]
[PlyCount "147"]
[EventDate "2019.09.22"]
[EventType "swiss"]
[EventCountry "IND"]
[SourceTitle "playchess.com"]
[Source "ChessBase"]
[SourceQuality "1"]
[TimeControl "5400+30"]

1. c4 {[%emt 0:00:52]} c5 {[%emt 0:00:51]} 2. g3 {[%emt 0:00:11]} g6 {[%emt 0:00:27]} 3. Nc3 {[%emt 0:00:15]} Bg7 {[%emt 0:00:22]} 4. Bg2 {[%emt 0:00:10]} Nc6 {[%emt 0:00:14]} 5. e4 {[%emt 0:00:33]} d6 {[%emt 0:01:42]} 6. Nge2 {[%emt 0:02:04]} e6 {[%emt 0:00:23]} 7. d3 {[%emt 0:00:45]} Nge7 {[%emt 0:00:12]} 8. Be3 {[%emt 0:00:11]} Nd4 {[%emt 0:02:20]} 9. O-O {[%emt 0:03:36]} O-O {[%emt 0:00:54]} 10. f4 {[%emt 0:01:17]} f5 {[%emt 0:02:23]} 11. Rb1 {[%emt 0:01:04]} Rb8 {[%emt 0:02:15]} 12. a3 {[%emt 0:12:13]} Nec6 {[%emt 0:09:51]} 13. b4 {[%emt 0:02:44]} b6 {[%emt 0:02:08]} 14. bxc5 {[%emt 0:14:41]} dxc5 15. e5 {[%emt 0:00:30]} Bb7 16. Nb5 {[%emt 0:00:30]} Nxb5 {[%emt 0:00:00]} 17. Rxb5 {[%emt 0:00:30]} Rf7 {[%emt 0:00:00]} 18. Qc2 {[%emt 0:00:30]} Rd7 {[%emt 0:00:00]} 19. Rd1 {[%emt 0:20:08]} Bf8 {[%emt 0:25:26]} 20. Rb3 {[%emt 0:03:29]} Qc7 {[%emt 0:02:49]} 21. h3 {[%emt 0:08:06]} Rbd8 {[%emt 0:02:00]} 22. Kh2 {[%emt 0:01:54]} Bh6 {[%emt 0:12:51]} 23. Bf2 {[%emt 0:03:21]} Na5 {[%emt 0:01:56]} 24. Rc3 {[%emt 0:02:05]} Bxg2 {[%emt 0:03:46]} 25. Kxg2 {[%emt 0:00:10]} Qb7+ {[%emt 0:00:22]} 26. Kh2 {[%emt 0:02:54]} Nc6 {[%emt 0:02:47]} 27. Rb3 {[%emt 0:03:12]} Na5 {[%emt 0:07:04]} 28. Rc3 {[%emt 0:02:51]} Nc6 {[%emt 0:00:31]} 29. Rb3 {[%emt 0:00:38]} Na5 {[%emt 0:04:41]} 30. Rbb1 {[%emt 0:04:52]} Qf3 {[%emt 0:02:32]} 31. Ng1 {[%emt 0:00:08]} Qh5 {[%emt 0:00:24]} 32. Kg2 {[%emt 0:02:03]} g5 {[%emt 0:00:44]} 33. fxg5 {[%emt 0:00:45]} Bxg5 {[%emt 0:00:32]} 34. Nf3 {[%emt 0:00:05]} Nc6 {[%emt 0:00:15]} 35. Qe2 {[%emt 0:01:01]} Bh6 {[%emt 0:01:12]} 36. Kh2 {[%emt 0:01:43]} Bg7 {[%emt 0:00:35]} 37. Rb2 {[%emt 0:00:01]} Kh8 {[%emt 0:02:15]} 38. Rbd2 {[%emt 0:00:07]} Bh6 {[%emt 0:00:08]} 39. Be3 {[%emt 0:00:05]} Bxe3 {[%emt 0:01:58]} 40. Qxe3 {[%emt 0:00:01]} Nd4 {[%emt 0:00:12]} 41. Nxd4 {[%emt 0:01:01]} Rxd4 {[%emt 0:00:08]} 42. Rf1 {[%emt 0:00:06]} Qg6 {[%emt 0:05:55]} 43. Rf4 {[%emt 0:00:34]} Rxf4 {[%emt 0:01:59]} 44. Qxf4 {[%emt 0:00:05]} Rd4 {[%emt 0:00:07]} 45. Qf3 {[%emt 0:00:18]} Qf7 {[%emt 0:00:07]} 46. Re2 {[%emt 0:02:29]} Qd7 {[%emt 0:01:08]} 47. Re3 {[%emt 0:00:04]} h6 {[%emt 0:02:56]} 48. g4 {[%emt 0:01:55]} f4 {[%emt 0:00:43]} 49. Re4 {[%emt 0:00:05]} Rxd3 {[%emt 0:01:09]} 50. Qxf4 {[%emt 0:00:01]} Qg7 {[%emt 0:00:46]} 51. Qf6 {[%emt 0:01:09]} Qxf6 {[%emt 0:00:55]} 52. exf6 {[%emt 0:00:01]} Rd6 {[%emt 0:00:01]} 53. Kg3 {[%emt 0:00:55]} Kg8 {[%emt 0:00:04]} 54. Kh4 {[%emt 0:03:36]} Kf7 {[%emt 0:01:05]} 55. Kh5 {[%emt 0:00:01]} Rd3 {[%emt 0:00:43]} 56. h4 {[%emt 0:00:05]} Rd4 {[%emt 0:00:16]} 57. Rxd4 {[%emt 0:01:40]} cxd4 {[%emt 0:00:04]} 58. Kxh6 {[%emt 0:00:01]} d3 {[%emt 0:00:36]} 59. g5 {[%emt 0:00:01]} d2 {[%emt 0:00:06]} 60. g6+ {[%emt 0:00:03]} Kxf6 {[%emt 0:00:38]} 61. g7 {[%emt 0:00:02]} d1=Q {[%emt 0:00:31]} 62. g8=Q Qa4 {[%emt 0:01:30]} 63. Qg5+ {[%emt 0:02:49]} Kf7 {[%emt 0:00:01]} 64. Qg7+ {[%emt 0:00:31]} Ke8 {[%emt 0:00:03]} 65. Qg4 {[%emt 0:01:00]} Ke7 {[%emt 0:00:29]} 66. h5 {[%emt 0:00:16]} Qxa3 {[%emt 0:00:36]} 67. Kg7 Qa1+ {[%emt 0:01:04]} 68. Kg8 {[%emt 0:00:12]} Qf1 {[%emt 0:00:41]} 69. Qg7+ {[%emt 0:00:11]} Ke8 {[%emt 0:00:34]} 70. h6 {[%emt 0:00:36]} Qxc4 {[%emt 0:00:32]} 71. Qf7+ {[%emt 0:00:05]} Kd8 {[%emt 0:00:01]} 72. h7 {[%emt 0:00:05]} Qg4+ {[%emt 0:00:04]} 73. Qg7 {[%emt 0:00:04]} Qc4 {[%emt 0:01:02]} 74. h8=Q {[%emt 0:00:06]} 1-0

[Event "2nd Gujarat Open 2019"]
[Site "Ahmedabad, Gujarat"]
[Date "2019.09.26"]
[Round "7.33"]
[White "Saypuri Srithan"]
[Black "Aradhya, Garg"]
[Result "0-1"]
[WhiteElo "1865"]
[BlackElo "2157"]
[Annotator "NA"]
[PlyCount "60"]
[EventDate "2019.09.22"]
[EventType "swiss"]
[EventCountry "IND"]
[SourceTitle "playchess.com"]
[Source "ChessBase"]
[SourceQuality "1"]
[TimeControl "5400+30"]

1. e4 {[%emt 0:11:05]} c6 {[%emt 0:00:00]} 2. d4 {[%emt 0:00:07]} d5 {[%emt 0:00:00]} 3. exd5 {[%emt 0:00:04]} cxd5 {[%emt 0:00:00]} 4. c4 {[%emt 0:00:07]} Nf6 {[%emt 0:00:00]} 5. Nc3 {[%emt 0:00:05]} Nc6 {[%emt 0:00:08]} 6. Nf3 {[%emt 0:00:22]} Be6 7. c5 {[%emt 0:11:03]} g6 {[%emt 0:05:03]} 8. Bb5 {[%emt 0:01:33]} Bg7 {[%emt 0:00:46]} 9. Ne5 {[%emt 0:01:51]} Bd7 {[%emt 0:02:46]} 10. Nxd7 {[%emt 0:02:09]} Nxd7 {[%emt 0:01:24]} 11. Be3 {[%emt 0:08:11]} O-O {[%emt 0:08:50]} 12. Qa4 {[%emt 0:00:00]} e5 {[%emt 0:00:30]} 13. O-O {[%emt 0:00:00]} exd4 {[%emt 0:00:30]} 14. Bxc6 {[%emt 0:00:00]} Nxc5 {[%emt 0:00:30]} 15. Qb4 {[%emt 0:00:00]} dxe3 {[%emt 0:00:30]} 16. Qxc5 {[%emt 0:00:00]} exf2+ {[%emt 0:00:30]} 17. Kh1 {[%emt 0:00:00]} bxc6 {[%emt 0:18:58]} 18. Qxc6 {[%emt 0:35:00]} Rc8 {[%emt 0:00:11]} 19. Qxd5 {[%emt 0:02:42]} Qxd5 {[%emt 0:04:46]} 20. Nxd5 {[%emt 0:00:27]} Rc2 {[%emt 0:00:05]} 21. Rab1 {[%emt 0:00:34]} Bxb2 {[%emt 0:01:19]} 22. g3 {[%emt 0:01:01]} Bd4 {[%emt 0:04:43]} 23. Rb4 {[%emt 0:03:03]} Bc5 {[%emt 0:04:00]} 24. Rb5 {[%emt 0:00:38]} Rd8 {[%emt 0:00:42]} 25. Nf6+ {[%emt 0:00:12]} Kg7 {[%emt 0:00:15]} 26. Ne4 {[%emt 0:00:03]} Bd4 {[%emt 0:02:37]} 27. a4 {[%emt 0:01:22]} Re8 {[%emt 0:00:31]} 28. Nd6 {[%emt 0:00:46]} Re1 {[%emt 0:00:09]} 29. Rb1 {[%emt 0:00:03]} Rce2 {[%emt 0:00:14]} 30. Nb5 {[%emt 0:00:49]} Rxb1 {[%emt 0:00:09]} 0-1